Control system design of a guide missile (Record no. 324873)
[ view plain ]
| 000 -LEADER | |
|---|---|
| fixed length control field | 00335 a2200133 4500 |
| 001 - CONTROL NUMBER | |
| control field | 89800 |
| 082 ## - DEWEY DECIMAL CLASSIFICATION NUMBER | |
| Classification number | PR 872 |
| 090 ## - LOCALLY ASSIGNED LC-TYPE CALL NUMBER (OCLC); LOCAL CALL NUMBER (RLIN) | |
| -- | 42257 |
| -- | 42257 |
| 100 ## - MAIN ENTRY--PERSONAL NAME | |
| Personal name | Mohammad |
| 245 ## - TITLE STATEMENT | |
| Title | Control system design of a guide missile |
| 260 ## - PUBLICATION, DISTRIBUTION, ETC. | |
| Place of publication, distribution, etc. | Karachi |
| Name of publisher, distributor, etc. | NED University |
| Date of publication, distribution, etc. | 1984 |
| 300 ## - PHYSICAL DESCRIPTION | |
| Extent | x, 216p. |
| Accompanying material | Bakhtiar A Malik |
| 500 ## - GENERAL NOTE | |
| General note | BE Project Reports |
| 942 ## - ADDED ENTRY ELEMENTS (KOHA) | |
| Institution code [OBSOLETE] | CAE NUST |
| Call number prefix | PR 872 |
| Withdrawn status | Lost status | Damaged status | Not for loan | Collection code | Permanent Location | Current Location | Date acquired | Total Checkouts | Full call number | Barcode | Date last seen | Price effective from | Koha item type |
|---|---|---|---|---|---|---|---|---|---|---|---|---|---|
| College of Aeronautical Engineering (CAE) | College of Aeronautical Engineering (CAE) | 04/03/2017 | PR 872 | CAEPR-872 | 04/05/2017 | 04/05/2017 | Book |
